000 00455 a2200121 4500
001 ART_63387
005 20260410161949.0
008 260409a
245 1 0 _aProyección de los principios laborales a la etapa poscontractual tras la extinción del contrato de trabajo
100 1 _aTula, Diego J.
700 1 _aFernández Martín, María Eugenia
773 0 _tTemas de derecho laboral
_g- Año 11, N° 9/10 (sep./oct. 2025)
_wREV27619
999 _c30205
_d30205